Intrastat hlásenia - čo nie je predmetom
Pre systém Intrastat nie je tovarom tovar v jednoduchom obehu, tzn. tovar, ktorý je cez Slovensko iba prepravovaný alebo sa na území Slovenska zdržiava len z prepravných dôvodov, a tiež vybrané tovary, ktoré sú v článku bližšie špecifikované. Spravodajské jednotky na Intrastat hláseniach nevykazujú...
Na minha lista:
| Autor principal: | |
|---|---|
| Formato: | Capítulo de Livro |
| Idioma: | eslovaco |
| Assuntos: | |
| Tags: |
Sem tags, seja o primeiro a adicionar uma tag!
|
MARC
| LEADER | 00000nla a2200000 4500 | ||
|---|---|---|---|
| 001 | 0204609 | ||
| 005 | 20240502073421.6 | ||
| 041 | 0 | |a slo | |
| 044 | |a SK | ||
| 245 | 1 | 0 | |a Intrastat hlásenia - čo nie je predmetom |c Juraj Válek |
| 520 | |a Pre systém Intrastat nie je tovarom tovar v jednoduchom obehu, tzn. tovar, ktorý je cez Slovensko iba prepravovaný alebo sa na území Slovenska zdržiava len z prepravných dôvodov, a tiež vybrané tovary, ktoré sú v článku bližšie špecifikované. Spravodajské jednotky na Intrastat hláseniach nevykazujú tovary, ktoré boli prepustené do colných režimov aktívny zušľachťovací styk a prepracovanie pod colným dohľadom a ktoré boli následne odoslané či prijaté iným členským štátom, než v ktorom boli do týchto režimov prepustené. | ||
| 610 | 2 | 0 | |a štatistika |
| 610 | 2 | 0 | |a obchod zahraničný |
| 610 | 2 | 0 | |a tovar |
| 610 | 2 | 0 | |a preprava |
| 610 | 2 | 0 | |a Slovensko |
| 610 | 2 | 0 | |a Európska únia |
| 100 | 1 | |a Válek, Juraj, 1981- | |